|
|
|
|
| LEADER |
00000nam a2200000 4500 |
| 008 |
210326b2021 ||||| |||| 00| | spa d |
| 999 |
|
|
|c 3919
|d 3919
|
| 090 |
|
|
|a 02.05.03
|b 2600
|
| 100 |
|
|
|9 2648
|a Solano Mora, Ileana
|
| 245 |
1 |
0 |
|a Análisis de los procesos de atención en centros de nutrición y desarrollo infantil que atienden niños y niñas tanto preescolares como escolares y que funcionan con horario nocturno como apoyo a las familias trabajadoras de las provincias de Alajuela, Cartago, Heredia y San José /
|c Ileana Solano Mora
|
| 260 |
|
|
|a [San José, Costa Rica] :
|b INIE,
|c 2021
|
| 300 |
|
|
|a 180 páginas
|
| 500 |
|
|
|a Informe final Proyecto de Investigación Nº 724- B6 - 307
|
| 650 |
1 |
4 |
|9 2043
|a SERVICIOS DE CUIDADO DE NIÑOS
|
| 650 |
1 |
4 |
|9 4625
|a CUIDADO DEL NIÑO
|
| 650 |
1 |
4 |
|9 4626
|a CUIDADORES
|
| 650 |
1 |
4 |
|9 1009
|a BIENESTAR DE LA INFANCIA
|
| 650 |
1 |
4 |
|9 4719
|a HORAS DE TRABAJO
|
| 650 |
1 |
4 |
|9 331
|a DOCENTES
|
| 942 |
|
|
|i 004655
|h 02.05.03 2600
|2 z
|c 04
|